New horizon of x-ray astronomy (Record no. 12726)

MARC details
000 -LEADER
fixed length control field 00812nam a2200193Ia 4500
003 - CONTROL NUMBER IDENTIFIER
control field IN-BaIIA
008 - FIXED-LENGTH DATA ELEMENTS--GENERAL INFORMATION
fixed length control field 211028s9999 xx 000 0 eng d
020 ## - INTERNATIONAL STANDARD BOOK NUMBER
International Standard Book Number 4-946443-22-3
040 ## - CATALOGING SOURCE
Transcribing agency IIA Library
080 ## - UNIVERSAL DECIMAL CLASSIFICATION NUMBER
Universal Decimal Classification number 52-735(082.2)
Item number NEW
111 ## - MAIN ENTRY--MEETING NAME
Meeting name or jurisdiction name as entry element International Conference of the X-Ray Astronomy
Location of meeting Japan
Date of meeting or treaty signing 1994 Mar. 8-11
9 (RLIN) 22278
245 #0 - TITLE STATEMENT
Title New horizon of x-ray astronomy
Remainder of title proceedings of the International conference of the x-ray astronomy held in Tokyo Metropolitan University, Japan, March 8-11, 1994
Statement of responsibility, etc. edited by H. Makino and T. ohashi
260 ## - PUBLICATION, DISTRIBUTION, ETC.
Place of publication, distribution, etc. Tokyo
Name of publisher, distributor, etc. Universal Academy Press
Date of publication, distribution, etc. 1994
300 ## - PHYSICAL DESCRIPTION
Extent Ixvi, 683p.
490 ## - SERIES STATEMENT
Series statement Frontier science series; no. 12 (FSS-12)
650 ## - SUBJECT ADDED ENTRY--TOPICAL TERM
Topical term or geographic name entry element X-ray astronomy
9 (RLIN) 7473
700 ## - ADDED ENTRY--PERSONAL NAME
Personal name ohashi, T., ed
9 (RLIN) 22279
942 ## - ADDED ENTRY ELEMENTS (KOHA)
Koha item type Books
Holdings
Withdrawn status Lost status Damaged status Not for loan Home library Current library Shelving location Date acquired Source of acquisition Cost, normal purchase price Total Checkouts Full call number Barcode Date last seen Cost, replacement price Price effective from Koha item type Purchase Price
        IIA Library-Bangalore IIA Library-Bangalore General Stacks 12/11/1998 UNAP 6300.00   52-735(082.2)/ NEW 13643 05/11/2021 6300.00 12/11/1998 Books Rs. 6300.00

Powered by Koha